000 01061nam a2200277Ia 4500
003 OSt
005 20221005104425.0
006 a|||||r|||| 00| 0
007 ta
008 221004b |||||||| |||| 00| 0 san d
020 _a9788121702881 (hbk)
_c450
024 _a15172
037 _b144, 28/10/2014, Eastern Book Linkers
_cTextual
040 _aCRL
_cCRL
_bsan
041 _2san
_asan
082 _aO15,6E20,1:g(P:75), 152Q4
100 _aगर्ग, विजय
245 0 _aतिलकमज्जरी में काव्य सौैन्दर्य
246 _aTilakamajjarī mean kāvya sauaindarya
260 _aदिल्ली
_bभारतीय विद्या प्रकाशन भारत
_c2014
300 _a246पृ0
_ccm.
650 _aसंस्कृत साहित्य
700 _a धनपाल
942 _hO15,6E20,1:g(P:75), 152Q4
_cTEXL
_2cc
999 _c1012681
_d1012681